History Quiz

Random History or Letter Quiz

Nobel Peace Prize A-Z Quiz Stats

 Plays Quiz Updated Oct 5, 2018

Score 0/23 Timer 08:00
0 Plays Today
Letter Nobelist % Correct
OObama, Ossietzky
89.2%
MMacbride, Mandela, Maathai...
69.2%
CCarter, Cassin, Cecil...
63.5%
KKing, Kellogg, Kim Dae Jung...
55.8%
RRabin, Ramos-Horta, Renault...
54.2%
AAddams, Ahtisaari, American Friends...
52.1%
GGrameen Bank, Gobat, Gorbachev...
51.2%
SSadat, Sakharov, Sato...
43.7%
WWalesa, Wiesel, Williams...
42.5%
TTho, Trimble, Tum...
33.2%
BBajer, Balch, Beernaert....
32.3%
DDalai Lama, Dawes, De Klerk...
26.9%
Letter Nobelist % Correct
UUnited Nations, UNICEF, UN Peacekeeping Forces...
22.9%
PPassy, Pauling, Pearson...
20.4%
HHammarskjöld, Henderson, Hull...
14.4%
EEbadi, ElBaradei, Esquivel, European Union
11%
YYunus, Yousafzai
10.1%
IInstitut de Droit International, IPCC, IAEA...
8%
LLa Fontaine, Lamas, Lang...
7.6%
NNansen, Noel-Baker...
4.2%
JJouhaux
2.5%
QQuidde
2.5%
FFreed, Friends Service Council
2.4%

You're not logged in!

Compare scores with friends on all Sporcle quizzes.
OR
Log In

You Might Also Like...

Show Comments

Extras

Top Quizzes Today


Score Distribution

Your Account Isn't Verified!

In order to create a playlist on Sporcle, you need to verify the email address you used during registration. Go to your Sporcle Settings to finish the process.

Report this User

Report this user for behavior that violates our Community Guidelines.

Details: